The Best of Speeking Tree (Record no. 481138)

MARC details
000 -LEADER
fixed length control field 00784nam a2200253Ia 4500
008 - FIXED-LENGTH DATA ELEMENTS--GENERAL INFORMATION
fixed length control field 100315s9999 xx 000 0 und d
020 ## - INTERNATIONAL STANDARD BOOK NUMBER
International Standard Book Number 978-81-89906-02-3 
040 ## - CATALOGING SOURCE
Transcribing agency ENGLISH 
082 ## - DEWEY DECIMAL CLASSIFICATION NUMBER
Item number 6403 
Classification number 658 
100 ## - MAIN ENTRY--PERSONAL NAME
Personal name "Narayani , Ganesh "
245 ## - TITLE STATEMENT
Title The Best of Speeking Tree
260 ## - PUBLICATION, DISTRIBUTION, ETC. (IMPRINT)
Place of publication, distribution, etc New Delhi 
Name of publisher, distributor, etc Times Group Book  
Date of publication, distribution, etc 2005 
300 ## - PHYSICAL DESCRIPTION
Extent 208 pg. 
365 ## - TRADE PRICE
Price note Rupees 
Unit of pricing
Price amount 180.00 
366 ## - TRADE AVAILABILITY INFORMATION
Publishers' discount category 10 
505 ## - FORMATTED CONTENTS NOTE
Miscellaneous information Vinayak Gonjare 
530 ## - ADDITIONAL PHYSICAL FORM AVAILABLE NOTE
Availability source BG-(Shree Ganesh Book Services) 1047/31-10-2007 
Additional physical form available note 1047/31-10-2007 
536 ## - FUNDING INFORMATION NOTE
Text of note 01/04/2007-31/03/2008 
620 ## -
-- "Music Divine, Role Module,Law of Karma "
630 ## - SUBJECT ADDED ENTRY--UNIFORM TITLE
Uniform title The Best of Speeking Tree
650 ## - SUBJECT ADDED ENTRY--TOPICAL TERM
Topical term or geographic name as entry element Geneeral Reading 
730 ## - ADDED ENTRY--UNIFORM TITLE
Uniform title The Best of Speeking Tree
942 ## - ADDED ENTRY ELEMENTS (KOHA)
Koha item type Book
Holdings
Withdrawn status Lost status Materials specified (bound volume or other part) Damaged status Not for loan Home library Current library Date acquired Cost, normal purchase price Total Checkouts Full call number Barcode Date last seen Price effective from Koha item type
        Dr. V. N. Bedekar Institute of Management Studies Library Dr. V. N. Bedekar Institute of Management Studies Library 10/31/2007 200.00   658 /NAR  6403  VPMBRIMS-6403  03/19/2010 03/19/2010 Book